| 000 | 00901nam a22002537a 4500 | ||
|---|---|---|---|
| 003 | BD-DhSAU | ||
| 005 | 20170130144353.0 | ||
| 008 | 161006b2015 bg ad||| |||| 00| 0 eng d | ||
| 040 | _aBD-DhSAU | ||
| 082 |
_222 _a631.521 _bSu59 |
||
| 100 | _aSultana, Rezoana | ||
| 245 |
_aInfluence of nitrogen on the yield and deed quality of three T, aman rice varieties _c Rezoana Sultana |
||
| 260 |
_aDhaka : _bSher- e- Bangla Agricultural University , _c2015 |
||
| 300 |
_aviii , 75 p. : _bill. ; _c30 cm. |
||
| 504 | _aIncludes references | ||
| 590 | _aKamim | ||
| 650 | _aSeeds | ||
| 650 | _aInfluence of nitrogen on the yield and deed | ||
| 650 | _aquality of three T, aman rice varieties | ||
| 700 |
_aAmin, A.K.M. Ruhul _4Supervisor |
||
| 700 |
_aRoy, Tuhun Suvra _4Co-Supervisor |
||
| 856 |
_uhttp://archive.saulibrary.edu.bd:8080/handle/123456789/1106 _y Online Access |
||
| 942 |
_2ddc _cTHESIS |
||
| 999 |
_c13639 _d13638 |
||